00957nam a2200277Ia 4500003000400000005001700004008004100021040001800062041000800080082002000088100003400108245005800142250001200200260005300212300003100265650003500296650003900331650004400370700002500414700002500439700002900464700002800493942003000521999001900551952010900570OSt20251216144210.0210716s1997 xx 000 0 und d cAIMIT LIBRARY aeng a006.3721bLEIR aLeinecker, Richard C.9249284 aVisual j++ bible /cBy Richard C Leinecker...[et.al]. a1st ed. aNew Delhi :bComdex computer publishing ,c1997. axxiii,896p. ;bPBc24.3 cm aIntroducing visual J++9249285 aWeb sites with a different9249286 aUsing java to help people learn9249287 aArcher, Tom.9249288 aArcher, Tom.9249288 aFormer, Michael.9249289 aMuelver, Jerry.9249290 2ddccBKe1stk006.37 LEIR c183262d183262 001040708MCAaAIMITbAIMITd2021-07-16l0o006.37 LEIRpMCA02770r2025-07-21 00:00:00w2021-07-16yBK